Statistiques concernant Mots mêlés de Départements français #1

Cliquez ici pour prendre le quiz!

Statistiques générales

  • Ce quiz a été pris 17 130 fois
  • Le résultat moyen est 8 sur 18

Réponses sur la Carte

Les réponses sont colorées sur une échelle allant du rouge au vert en fonction du pourcentage des utilisateurs qui les ont devinées à leur premier essai. Vous pouvez retrouver ces pourcentages ci-dessous.
 

Statistiques - réponses

Département% Correct
Ardennes
91%
Savoie
75%
Sarthe
74%
Yvelines
66%
Vaucluse
65%
Haute-Corse
56%
Marne
56%
Bas-Rhin
55%
Martinique
44%
Moselle
35%
Loire
34%
Lozère
30%
Ain
24%
Puy-de-Dôme
24%
Cantal
23%
Gers
17%
Nièvre
17%
Cher
14%

Distribution des résultats

Percentile par nombre de réponses

% des personnes avec chaque résultat

Votre développement - résultats

Vous n’avez pas pris ce quiz